| 000 | 00649nam a22001937a 4500 | ||
|---|---|---|---|
| 005 | 20251108172726.0 | ||
| 008 | 250721s1998 xx 000 0 ara d | ||
| 082 | 1 | 4 | _a792/تشي |
| 100 | 1 |
_aتشيني، شلدون _eمؤلف |
|
| 245 | 1 | 0 |
_aالمسرح : _bثلاثة آلاف سنة من الدراما والتمثيل والحرفة المسرحية / |
| 264 | 1 |
_aدمشق : _bوزارة الثقافة، _c1998. |
|
| 300 | _a874ص | ||
| 650 | 1 | 7 | _aالفنون الدرامية |
| 650 | 1 | 7 | _aالمسرح |
| 650 | 1 | 7 | _aالأداءات المسرحية |
| 700 | 1 |
_aعبود، حنا _eمترجم |
|
| 942 |
_2ddc _cBK |
||
| 999 |
_c86920 _d86920 |
||